LEADER 01001nam a2200241 u 4500 001 000000104227 003 CaOOAMICUS 005 20070312141408.0 008 070309s2006 nyu u000 u eng u 020 $a0-521-53020-2 040 $aPUL$bita$dLDA 100 1 $aWalton, Douglas.$0(OLS)http://pul/name/63985 245 10$aFundamentals of critical argumentation /$c Douglas Walton. 260 $aCambridge :$bCambridge University Press,$cc2006. 300 $axvi,343 p. ;$c20 cm 650 04$aLogica.$0(OLS)http://pul/subject/441 650 04$aLogica$xTrattati.$0(OLS)http://pul/subject/21803 850 $aPUL 852 $aPUL$W1$xSL Filosofia 3$y81$m160 WALDO 1$j116613$qDDC 21$B116613$CPULBib$Z2$F116613 $H101204 $82 941 1 $a9 996 $6020$a0-521-53020-2$9(OLS)http://pul/number/133858 996 $6245$aFundamentals of critical argumentation$9(OLS)http://pul/title/131118 996 $6260$aCambridge :$bCambridge University Press$9(OLS)http://pul/publisher/50125 LEADER 01377nam a2200325 u 4500 001 000000052931 003 CaOOAMICUS 005 20070226115514.0 008 001027s1998 it u000 u ita u 020 $a8801013663 035 $a10859718 040 $aPUL$bita 245 00$aChiese in divenire :$bspazio alle esperienze /$ccommenti di Luigi Accattoli, Cettina Militello, Luigi Sartori ; a cura di don Gino Moro. 260 $aTorino :$bEllediCi,$c1998. 300 $a143 p. ;$c24 cm 490 1 $aPastorale e catechesi 504 $aBibliografia in nota. 650 4$aEvangelizzazione.$0(OLS)http://pul/subject/1355 700 1 $aMoro, Gino.$0(OLS)http://pul/name/35171 700 1 $aMilitello, Concetta M.$0(OLS)http://pul/name/14042 700 1 $aSartori, Luigi.$0(OLS)http://pul/name/397 700 1 $aAccattoli, Luigi.$0(OLS)http://pul/name/33267 830 0$aPastorale e catechesi.$0(OLS)http://pul/title/65245 850 $aPUL 852 $aPUL$W1$xSL Religione 2$y84$mRH E3 29$j69885$nBK-PRI$b $qStampati altre collocazioni$B69885$CPULBib$Z2$F69885 $H $81 941 1 $a10 961 $aINV: 82893 996 $6020$a8801013663$9(OLS)http://pul/number/66771 996 $6245$aChiese in divenire :$bspazio alle esperienze$9(OLS)http://pul/title/70994 996 $6260$aTorino :$bEllediCi$9(OLS)http://pul/publisher/67120